00526nam a2200169 a 45000010010000000030011000100080041000210200018000620350026000801000044001062450085001502600039002353000017002745000017002916500018003088560030003260001-1120ELIB.Books150430 2010 eng  a9780801028687 a(ELIB.Books)0001-1275 aPowell, Mark Allan./ Achtemeir, Paul J. aIntroduction the New Testament:bA Historical, Literary, and Theologicval Survey aGrand RapidsbBaker Academicc2009 a560c23.5 Cm aC/o Moe Lwei aNew Testament nKBTS: LibraryuKBTS: Elib